W którym roku to było? - Statystyki

Ogólne statystyki
  • Ten quiz został rozwiązany 549 razy
  • Średni wynik to 8 z 11
Statystyki odpowiedzi
Hint Odpowiedź % Poprawnych
W którym roku Polska dołączyła do Unii Europejskiej? 2004
98%
W którym roku wybuchła l wojna światowa? 1914
95%
W którym roku była bitwa pod Grunwaldem? 1410
89%
W którym roku został wprowadzony stan wojenny w Polsce? 1981
83%
W którym roku powstał Facebook? 2004
80%
W którym roku był 1 rozbiór Polski? 1772
75%
W którym roku Ukraina odzyskała niepodległość? 1991
69%
W którym roku zmarł Józef Stalin? 1953
67%
W którym roku zatonął Titanic? 1912
64%
W którym roku był hołd Pruski? 1525
45%
W którym roku został wydany edykt Mediolański? 313
12%
Nie znaleziono quizów pasujących do podanych kryteriów
Rozkład punktacji
Procent ludzi z każdym wynikiem
Percentyl według liczby udzielonych odpowiedzi
Twoja historia wyników
Nie rozwiązałeś tego quizu